<?xml version="1.0" encoding="UTF-8"?>
<record
    xmlns:xsi="http://www.w3.org/2001/XMLSchema-instance"
    xsi:schemaLocation="http://www.loc.gov/MARC21/slim http://www.loc.gov/standards/marcxml/schema/MARC21slim.xsd"
    xmlns="http://www.loc.gov/MARC21/slim">

  <leader>00677nam a22001697a 4500</leader>
  <datafield tag="999" ind1=" " ind2=" ">
    <subfield code="c">7907</subfield>
    <subfield code="d">7907</subfield>
  </datafield>
  <controlfield tag="005">20240611132351.0</controlfield>
  <controlfield tag="008">240611b           ||||| |||| 00| 0 eng d</controlfield>
  <datafield tag="020" ind1=" " ind2=" ">
    <subfield code="a">9788419474568</subfield>
  </datafield>
  <datafield tag="040" ind1=" " ind2=" ">
    <subfield code="a">CDMR</subfield>
  </datafield>
  <datafield tag="100" ind1=" " ind2=" ">
    <subfield code="9">4952</subfield>
    <subfield code="a">Balanz&#xF3;, Emili de </subfield>
  </datafield>
  <datafield tag="245" ind1=" " ind2=" ">
    <subfield code="a">Xerrar boig </subfield>
    <subfield code="b">: recull d'articles / </subfield>
    <subfield code="c">Emili de Balanz&#xF3; ; presentaci&#xF3; de Josefina Salord ; pr&#xF2;leg d'&#xC0;lex Susanna ; selecci&#xF3; i revisi&#xF3; dels articles Enric de Balanz&#xF3; i Xavier de Balanz&#xF3; </subfield>
  </datafield>
  <datafield tag="260" ind1=" " ind2=" ">
    <subfield code="a">Barcelona : </subfield>
    <subfield code="b">Viena Edicions, </subfield>
    <subfield code="c">2024</subfield>
  </datafield>
  <datafield tag="300" ind1=" " ind2=" ">
    <subfield code="a">323 p&#xE0;gines</subfield>
  </datafield>
  <datafield tag="490" ind1=" " ind2=" ">
    <subfield code="a">Narrativa </subfield>
    <subfield code="v">; 93</subfield>
  </datafield>
  <datafield tag="505" ind1=" " ind2=" ">
    <subfield code="a">Articles publicats als diaris "&#xDA;ltima hora" i "Menorca" entre els anys 2012 i 2020</subfield>
  </datafield>
  <datafield tag="942" ind1=" " ind2=" ">
    <subfield code="2">udc</subfield>
    <subfield code="c">MON</subfield>
  </datafield>
  <datafield tag="952" ind1=" " ind2=" ">
    <subfield code="0">0</subfield>
    <subfield code="1">0</subfield>
    <subfield code="2">udc</subfield>
    <subfield code="4">0</subfield>
    <subfield code="7">0</subfield>
    <subfield code="a">CDMR</subfield>
    <subfield code="b">CDMR</subfield>
    <subfield code="d">2024-06-11</subfield>
    <subfield code="e">Donaci&#xF3;</subfield>
    <subfield code="g">19.00</subfield>
    <subfield code="l">1</subfield>
    <subfield code="o">Du 6/132</subfield>
    <subfield code="p">CDMR24060003</subfield>
    <subfield code="r">2024-08-28</subfield>
    <subfield code="s">2024-07-04</subfield>
    <subfield code="w">2024-06-11</subfield>
    <subfield code="y">MON</subfield>
  </datafield>
</record>
